| 000 | 01745nam a2200349Ia 4500 | ||
|---|---|---|---|
| 003 | OSt | ||
| 005 | 20210917123128.0 | ||
| 008 | 210310s2000 mx ad gr 000 0 spa d | ||
| 020 | _a9681657527 | ||
| 040 |
_aCO-JMCR _cCO-JMCR |
||
| 041 | 1 |
_aspa _heng |
|
| 082 | 0 | 4 |
_a330.95 / _bA638p _223 |
| 100 | 1 |
_aAoki, Masahiko, _917754 _ecompilador |
|
| 245 | 1 | 3 |
_aEl papel del gobierno en el desarrollo económico del Asia oriental : _banálisis institucional comparado / _cMasahiko Aoki, Hyung-Ki Kim y Masahiro Okuno-Fujiwara (compiladores) ; [traducción Eduardo L. Suárez] |
| 250 | _aPrimera edición | ||
| 260 |
_aMéxico : _bFondo de Cultura Económica, _c2000 |
||
| 300 |
_aix, 528 páginas : _bilustraciones y gráficas a blanco y negro ; _c21 cm. |
||
| 490 | 0 |
_aEl Trimestre Económico. Lecturas ; _v91 |
|
| 500 | _aTítulo original: The role of government in East Asian Economic Development. Comparative Institutional Analysis Incluye notas a pie de página. | ||
| 504 | _aBibliografía al final de cada capítulo. | ||
| 505 | 0 | _aLas fallas del mercado y la inherencia gubernamental -- El enfoque del fortalecimiento del mercado -- La economía política del desarrollo y las interacciones entre el gobierno y el sector privado | |
| 546 | _aTraducido del inglés. | ||
| 650 | 1 | 4 |
_aEconomía _917756 _zAsia Oriental |
| 650 | 2 | 4 |
_aHacienda pública _zAsia Oriental _940612 |
| 651 | 4 |
_aAsia Oriental _xPolítica económica _940613 |
|
| 651 | 4 |
_aAsia Oriental _xComercio exterior _940614 |
|
| 651 | 4 |
_aAsia Oriental _xCondiciones económicas _940615 |
|
| 700 | 1 |
_aKim, Hyung-Ki, _ecompilador _940616 |
|
| 700 | 1 |
_aOkuno-Fujiwara, Masahiro, _ecompilador _940617 |
|
| 700 | 1 |
_aSuárez, Eduardo L., _etraductor _94465 |
|
| 942 |
_2ddc _cBK |
||
| 999 |
_c8603 _d8603 |
||